[Event "CCM10 - Standard Simultan"]
[Site "Mainz"]
[Date "2010.08.06"]
[Round "1"]
[White "Anand, Viswanathan"]
[Black "Deppe, Leo Max"]
[Result "1-0"]
[WhiteElo "2800"]
[BlackElo "971"]
[PlyCount "33"]
[EventDate "2010.08.15"]
[EventCountry "GER"]
[SourceDate "2010.08.15"]

1. d4 d5 2. c4 Nf6 3. cxd5 c6 4. dxc6 Nxc6 5. Nf3 g6 6. Nc3 Bg4 7. d5 Na5 8.
Ne5 Bf5 9. e4 Qd6 10. Qa4+ Nc6 11. dxc6 Rc8 12. cxb7+ Kd8 13. Nxf7+ Kc7 14.
bxc8=Q+ Bxc8 15. Nxd6 exd6 16. Qxa7+ Kc6 17. Bb5# 1-0

[Event "CCM10 - Standard Simultan"]
[Site "Mainz"]
[Date "2010.08.06"]
[Round "2"]
[White "Anand, Viswanathan"]
[Black "Arbore, Daniele"]
[Result "1-0"]
[WhiteElo "2800"]
[BlackElo "1000"]
[PlyCount "57"]
[EventDate "2010.08.15"]
[EventCountry "GER"]
[SourceDate "2010.08.15"]

1. e4 e5 2. Nf3 Nc6 3. Bb5 a6 4. Ba4 Nf6 5. O-O b5 6. Bb3 Bc5 7. a4 Bb7 8. d3
O-O 9. Nc3 b4 10. Nd5 Nxd5 11. Bxd5 h6 12. Bxc6 Bxc6 13. Nxe5 Qf6 14. Nxc6 Qxc6
15. Be3 d5 16. d4 Be7 17. e5 f6 18. Qd3 fxe5 19. dxe5 Rae8 20. Rad1 Kh8 21. f4
Qxa4 22. f5 Rd8 23. f6 gxf6 24. exf6 Bxf6 25. Rxf6 Rxf6 26. Bd4 Qc6 27. Rf1
Rdd6 28. Rxf6 Rxf6 29. Qg6 1-0

[Event "CCM10 - Standard Simultan"]
[Site "Mainz"]
[Date "2010.08.06"]
[Round "3"]
[White "Anand, Viswanathan"]
[Black "Arbore, Frederica"]
[Result "1-0"]
[WhiteElo "2800"]
[BlackElo "2697"]
[PlyCount "45"]
[EventDate "2010.08.15"]
[EventCountry "GER"]
[SourceDate "2010.08.15"]

1. d4 d5 2. c4 dxc4 3. e4 e5 4. Nf3 exd4 5. Bxc4 Nc6 6. O-O Bc5 7. Ng5 Ne5 8.
Nxf7 Nxf7 9. Bxf7+ Kxf7 10. Qh5+ g6 11. Qxc5 Qe7 12. Qxd4 Qf6 13. Qc4+ Be6 14.
Qxc7+ Qe7 15. Qf4+ Qf6 16. Qg3 Rc8 17. Nc3 Ne7 18. Bg5 Qg7 19. Nb5 Rc2 20. Qf4+
Kg8 21. Bf6 Qf7 22. Nd6 Qf8 23. Qe5 1-0

[Event "CCM10 - Standard Simultan"]
[Site "Mainz"]
[Date "2010.08.06"]
[Round "4"]
[White "Anand, Viswanathan"]
[Black "Braunberger, Pierre"]
[Result "1-0"]
[WhiteElo "2800"]
[BlackElo "759"]
[PlyCount "35"]
[EventDate "2010.08.15"]
[EventCountry "GER"]
[SourceDate "2010.08.15"]

1. e4 d5 2. exd5 Qxd5 3. Nc3 Qa5 4. Nf3 c6 5. d4 Bg4 6. h3 Bh5 7. g4 Bg6 8. Ne5
Nf6 9. h4 h6 10. Nxg6 fxg6 11. Qd3 Kf7 12. Qf3 Kg8 13. Bc4+ Nd5 14. Bd2 Qd8 15.
Nxd5 Kh7 16. h5 Rg8 17. hxg6+ Kh8 18. Qf7 1-0

[Event "CCM10 - Standard Simultan"]
[Site "Mainz"]
[Date "2010.08.06"]
[Round "5"]
[White "Anand, Viswanathan"]
[Black "Peschk, Kathrin"]
[Result "1-0"]
[WhiteElo "2800"]
[BlackElo "922"]
[PlyCount "37"]
[EventDate "2010.08.15"]
[EventCountry "GER"]
[SourceDate "2010.08.15"]

1. d4 d5 2. c4 e6 3. Nc3 Nf6 4. cxd5 exd5 5. Bg5 Bb4 6. e3 O-O 7. Bd3 g6 8.
Nge2 Bg4 9. O-O Bxc3 10. bxc3 b6 11. f3 Be6 12. e4 dxe4 13. fxe4 Nbd7 14. e5
Bg4 15. Rxf6 Nxf6 16. Bxf6 Qd7 17. Qd2 Bxe2 18. Qh6 Bxd3 19. Qg7# 1-0

[Event "CCM10 - Standard Simultan"]
[Site "Mainz"]
[Date "2010.08.06"]
[Round "6"]
[White "Mokry, Hans"]
[Black "Anand, Viswanathan"]
[Result "0-1"]
[WhiteElo "1402"]
[BlackElo "2800"]
[PlyCount "55"]
[EventDate "2010.08.15"]
[EventCountry "GER"]
[SourceDate "2010.08.15"]

1. c4 e5 2. Nc3 Nf6 3. g3 Bb4 4. Bg2 O-O 5. e3 Bxc3 6. bxc3 Re8 7. Ne2 c6 8. d4
e4 9. O-O d5 10. c5 b6 11. cxb6 axb6 12. Qb3 Ba6 13. Re1 Bc4 14. Qb2 b5 15. a3
Nbd7 16. Bf1 Nb6 17. Nf4 Ra4 18. Bxc4 Nxc4 19. Qb3 Qd7 20. Kg2 g5 21. Nh3 h6
22. Re2 Qf5 23. Ng1 h5 24. Qd1 h4 25. Qf1 Kg7 26. f4 Rh8 27. fxg5 h3+ 28. Nxh3
0-1

[Event "CCM10 - Standard Simultan"]
[Site "Mainz"]
[Date "2010.08.06"]
[Round "7"]
[White "Anand, Viswanathan"]
[Black "Emrich, Franz"]
[Result "1-0"]
[WhiteElo "2800"]
[BlackElo "1438"]
[PlyCount "49"]
[EventDate "2010.08.15"]
[EventCountry "GER"]
[SourceDate "2010.08.15"]

1. d4 Nf6 2. Nf3 e6 3. c4 d5 4. Nc3 c6 5. Qd3 Nbd7 6. e4 dxe4 7. Nxe4 Nxe4 8.
Qxe4 Nf6 9. Qe3 Be7 10. Bd3 O-O 11. O-O Re8 12. Rd1 Qc7 13. b3 b6 14. Bb2 Bb7
15. c5 b5 16. Ne5 Rad8 17. Re1 a6 18. Qh3 Bc8 19. Re3 g6 20. Rf3 Rf8 21. Qh6
Bd7 22. Rh3 Be8 23. Ng4 Nh5 24. Rxh5 gxh5 25. Qxh7# 1-0

[Event "CCM10 - Standard Simultan"]
[Site "Mainz"]
[Date "2010.08.06"]
[Round "8"]
[White "Anand, Viswanathan"]
[Black "Schmee, Rainer"]
[Result "1-0"]
[WhiteElo "2800"]
[BlackElo "1450"]
[PlyCount "67"]
[EventDate "2010.08.15"]
[EventCountry "GER"]
[SourceDate "2010.08.15"]

1. e4 e5 2. Nf3 Nc6 3. Bb5 Nf6 4. O-O Bc5 5. c3 O-O 6. d4 exd4 7. cxd4 Bb6 8.
e5 Nd5 9. Bc4 Nce7 10. Bg5 c6 11. Bxd5 cxd5 12. Nc3 h6 13. Bxe7 Qxe7 14. Nxd5
Qe6 15. Nxb6 Qxb6 16. Qb3 Qxb3 17. axb3 b6 18. Nd2 f6 19. Nc4 fxe5 20. dxe5 Bb7
21. Nd6 Bd5 22. f4 Bxb3 23. f5 Bf7 24. g4 g6 25. Kf2 g5 26. Ke3 a6 27. Kd4 a5
28. Rfc1 Ra7 29. h4 Rb8 30. hxg5 hxg5 31. Rh1 Raa8 32. Rh6 Rf8 33. Rah1 a4 34.
Rh8+ 1-0

[Event "CCM10 - Standard Simultan"]
[Site "Mainz"]
[Date "2010.08.06"]
[Round "9"]
[White "Anand, Viswanathan"]
[Black "Hoffmann, Frank"]
[Result "1-0"]
[WhiteElo "2800"]
[BlackElo "1458"]
[PlyCount "69"]
[EventDate "2010.08.15"]
[EventCountry "GER"]
[SourceDate "2010.08.15"]

1. d4 Nf6 2. c4 g6 3. Nc3 Bg7 4. e4 d6 5. Nf3 O-O 6. h3 e5 7. d5 a5 8. Be3 Na6
9. Nd2 Ne8 10. g4 Nc5 11. h4 Nf6 12. Rg1 h6 13. Be2 Nh7 14. g5 h5 15. Qc2 Bd7
16. O-O-O Rb8 17. Kb1 Re8 18. Nf1 Na6 19. Ng3 Nf8 20. Nb5 b6 21. a3 Qc8 22.
Bxh5 Bg4 23. Bxg4 Qxg4 24. h5 Qd7 25. Nc3 Bh8 26. Rh1 Re7 27. Rh4 Nc5 28. Rdh1
f6 29. hxg6 Nxg6 30. Rh6 Kf7 31. Nf5 fxg5 32. Bxg5 Bf6 33. Bxf6 Kxf6 34. Qe2
Ree8 35. Rxg6+ 1-0

[Event "CCM10 - Standard Simultan"]
[Site "Mainz"]
[Date "2010.08.06"]
[Round "10"]
[White "Anand, Viswanathan"]
[Black "Schubert, Jens"]
[Result "1-0"]
[WhiteElo "2800"]
[BlackElo "1460"]
[PlyCount "83"]
[EventDate "2010.08.15"]
[EventCountry "GER"]
[SourceDate "2010.08.15"]

1. e4 c5 2. Nf3 e6 3. d4 cxd4 4. Nxd4 a6 5. Bd3 Qc7 6. O-O Nc6 7. Nxc6 bxc6 8.
Qe2 d5 9. c4 Be7 10. cxd5 cxd5 11. exd5 exd5 12. Nc3 Nf6 13. Bg5 Be6 14. Bxa6
O-O 15. Bh4 Qb6 16. Bd3 Rfe8 17. Bb5 Rec8 18. a4 Rc7 19. Bg3 Bd6 20. a5 Qc5 21.
Bxd6 Qxd6 22. Bd3 Rc5 23. Nb5 Qf4 24. a6 Ng4 25. g3 Qh6 26. f3 Ne3 27. Rfe1 Nc4
28. Nd4 Rcc8 29. b3 Nb6 30. Nxe6 Re8 31. Qe3 Qxe3+ 32. Rxe3 fxe6 33. Bb5 Re7
34. Rc3 Kf7 35. Rc6 Nc8 36. Bf1 Na7 37. Rb6 Nc8 38. Rb7 Nd6 39. Rxe7+ Kxe7 40.
b4 Kd7 41. b5 Kc7 42. Rc1+ 1-0

[Event "CCM10 - Standard Simultan"]
[Site "Mainz"]
[Date "2010.08.06"]
[Round "11"]
[White "Anand, Viswanathan"]
[Black "Boettcher, Fred"]
[Result "1-0"]
[WhiteElo "2800"]
[BlackElo "1500"]
[PlyCount "61"]
[EventDate "2010.08.15"]
[EventCountry "GER"]
[SourceDate "2010.08.15"]

1. d4 d5 2. c4 c6 3. Nc3 Nf6 4. Nf3 dxc4 5. a4 Bf5 6. e3 Nbd7 7. Bxc4 e6 8. O-O
Bb4 9. Qe2 Ne4 10. Bd3 Ndf6 11. Qc2 Bxc3 12. bxc3 Nd6 13. Bxf5 exf5 14. Ba3 g6
15. Ne5 Qc7 16. Rab1 b5 17. c4 a6 18. cxb5 axb5 19. Nxc6 Ra6 20. Bxd6 Qxd6 21.
axb5 Rb6 22. Qc5 Qxc5 23. dxc5 Rb7 24. Nd4 Ne4 25. c6 Rb6 26. Rfc1 Ke7 27. Ra1
Nd6 28. Rc5 Rhb8 29. h3 Nc8 30. Rd5 Nd6 31. Ra7+ 1-0

[Event "CCM10 - Standard Simultan"]
[Site "Mainz"]
[Date "2010.08.06"]
[Round "12"]
[White "Anand, Viswanathan"]
[Black "Sauer, Eric"]
[Result "1-0"]
[WhiteElo "2800"]
[BlackElo "1583"]
[PlyCount "59"]
[EventDate "2010.08.15"]
[EventCountry "GER"]
[SourceDate "2010.08.15"]

1. e4 c5 2. Nf3 d6 3. d4 cxd4 4. Nxd4 Nf6 5. Nc3 a6 6. Be3 e6 7. g4 b5 8. g5
Nfd7 9. a3 Nb6 10. h4 N8d7 11. h5 Bb7 12. Rh3 Nc5 13. g6 Nxe4 14. gxf7+ Kd7 15.
Qg4 Nxc3 16. Nxe6 Qf6 17. Nxf8+ Kc6 18. Rf3 Qe7 19. Ne6 Bc8 20. Qd4 Ncd5 21.
f8=Q Rxf8 22. Nxf8 h6 23. a4 Bb7 24. axb5+ axb5 25. Rxa8 Bxa8 26. Ng6 Qa7 27.
Bxb5+ Kxb5 28. c4+ Ka6 29. cxd5 Nxd5 30. Qxd5 1-0

[Event "CCM10 - Standard Simultan"]
[Site "Mainz"]
[Date "2010.08.06"]
[Round "13"]
[White "Anand, Viswanathan"]
[Black "Frowein, Holger"]
[Result "1-0"]
[WhiteElo "2800"]
[BlackElo "1597"]
[PlyCount "55"]
[EventDate "2010.08.15"]
[EventCountry "GER"]
[SourceDate "2010.08.15"]

1. e4 e6 2. d4 d5 3. Nc3 a6 4. Nf3 Nf6 5. e5 Nfd7 6. Ne2 c5 7. c3 Nc6 8. a3 Be7
9. Nf4 cxd4 10. cxd4 b5 11. Bd3 g6 12. h4 Qb6 13. Be3 Bb7 14. Kf1 b4 15. g3 Rc8
16. Kg2 Qd8 17. Qe2 a5 18. Ba6 Bxa6 19. Qxa6 Ndb8 20. Qb5 O-O 21. axb4 Bxb4 22.
Ng5 Ne7 23. g4 Qd7 24. Qd3 Rc6 25. h5 h6 26. hxg6 Nxg6 27. Nxg6 fxg6 28. Rxh6
1-0

[Event "CCM10 - Standard Simultan"]
[Site "Mainz"]
[Date "2010.08.06"]
[Round "14"]
[White "Anand, Viswanathan"]
[Black "Buck, Juergen"]
[Result "1-0"]
[WhiteElo "2800"]
[BlackElo "1700"]
[PlyCount "71"]
[EventDate "2010.08.15"]
[EventCountry "GER"]
[SourceDate "2010.08.15"]

1. d4 d5 2. c4 c6 3. Nc3 Nf6 4. Nf3 dxc4 5. a4 Bf5 6. Ne5 Nbd7 7. Nxc4 Qc7 8.
g3 e5 9. dxe5 Nxe5 10. Bf4 Rd8 11. Qc1 Bd6 12. Nxd6+ Qxd6 13. Bg2 O-O 14. O-O
Qe6 15. Qe3 Nc4 16. Qxa7 Rd7 17. b3 Nd6 18. Qb6 Nfe4 19. Nxe4 Bxe4 20. Bxd6
Bxg2 21. Bxf8 Bxf1 22. Rxf1 Kxf8 23. e3 Qd6 24. a5 Qc7 25. Qxc7 Rxc7 26. Rd1
Ke7 27. Kf1 c5 28. Ke2 Rc8 29. Rc1 Kd6 30. b4 c4 31. Kd2 Kd5 32. Kc3 Ke4 33.
Rd1 Kf3 34. Rd7 Kxf2 35. Rxb7 Kxe3 36. b5 1-0

[Event "CCM10 - Standard Simultan"]
[Site "Mainz"]
[Date "2010.08.06"]
[Round "15"]
[White "Anand, Viswanathan"]
[Black "Sedelmayr, Werner"]
[Result "1-0"]
[WhiteElo "2800"]
[BlackElo "1718"]
[PlyCount "49"]
[EventDate "2010.08.15"]
[EventCountry "GER"]
[SourceDate "2010.08.15"]

1. e4 d5 2. exd5 Qxd5 3. Nc3 Qd6 4. Nf3 Nf6 5. d4 a6 6. g3 Bg4 7. Bg2 Nc6 8.
Bf4 Qd7 9. O-O O-O-O 10. Be3 e6 11. h3 Bh5 12. Qe2 Be7 13. Rfd1 h6 14. g4 Bg6
15. Ne5 Nxe5 16. dxe5 Nd5 17. Nxd5 exd5 18. Bxd5 Qa4 19. Qf3 c6 20. Bxf7 Rhf8
21. Rxd8+ Kxd8 22. Qd1+ Kc7 23. Bxg6 Qb5 24. e6 Rd8 25. Qf3 1-0

[Event "CCM10 - Standard Simultan"]
[Site "Mainz"]
[Date "2010.08.06"]
[Round "16"]
[White "Anand, Viswanathan"]
[Black "Winkens, Wolfgang"]
[Result "1-0"]
[WhiteElo "2800"]
[BlackElo "1720"]
[PlyCount "97"]
[EventDate "2010.08.15"]
[EventCountry "GER"]
[SourceDate "2010.08.15"]

1. d4 d5 2. c4 e6 3. Nc3 Nf6 4. cxd5 exd5 5. Bg5 Be7 6. e3 O-O 7. Bd3 c6 8.
Nge2 h6 9. Bh4 Nbd7 10. Qc2 a6 11. O-O-O Re8 12. h3 Ne4 13. Bxe7 Qxe7 14. Bxe4
dxe4 15. g4 Nf6 16. Ng3 b5 17. Kb1 Bb7 18. Nf5 Qc7 19. Ne2 Rac8 20. Qc5 Nd7 21.
Qd6 Qxd6 22. Nxd6 Ba8 23. Ng3 Nf6 24. Rc1 Rcd8 25. Nxe8 Rxe8 26. Nf5 Kf8 27. a4
Rd8 28. axb5 axb5 29. Rc3 Nd5 30. Ra3 Bb7 31. Ra7 Rd7 32. Rc1 Ne7 33. Nxe7 Kxe7
34. Rc5 Bc8 35. Rxd7+ Bxd7 36. Kc2 g5 37. Kd2 f6 38. Ke2 Kd6 39. f3 exf3+ 40.
Kxf3 Be8 41. e4 Bf7 42. Rc1 Be8 43. Ke3 h5 44. gxh5 Bxh5 45. h4 g4 46. Kf4 Bg6
47. e5+ fxe5+ 48. dxe5+ Ke6 49. Rxc6+ 1-0

[Event "CCM10 - Standard Simultan"]
[Site "Mainz"]
[Date "2010.08.06"]
[Round "17"]
[White "Anand, Viswanathan"]
[Black "Wagner, Karsten"]
[Result "1-0"]
[WhiteElo "2800"]
[BlackElo "1681"]
[PlyCount "55"]
[EventDate "2010.08.15"]
[EventCountry "GER"]
[SourceDate "2010.08.15"]

1. e4 d6 2. d4 Nf6 3. Nc3 g6 4. f4 Bg7 5. Nf3 O-O 6. Bd3 a6 7. e5 Ng4 8. h3 Nh6
9. g4 e6 10. Be3 b5 11. Qd2 Bb7 12. Rf1 f5 13. exf6 Bh8 14. O-O-O Nf7 15. g5
Nd7 16. Ne4 Rc8 17. h4 d5 18. Nc5 Nxc5 19. dxc5 Re8 20. Bd4 c6 21. Ne5 Nxe5 22.
fxe5 Kf7 23. h5 Rc7 24. Rh1 Rg8 25. hxg6+ hxg6 26. Rh6 Rd7 27. Rdh1 Qf8 28. Qh2
1-0

[Event "CCM10 - Standard Simultan"]
[Site "Mainz"]
[Date "2010.08.06"]
[Round "18"]
[White "Anand, Viswanathan"]
[Black "Litfin, Boris"]
[Result "1-0"]
[WhiteElo "2800"]
[BlackElo "1965"]
[PlyCount "61"]
[EventDate "2010.08.15"]
[EventCountry "GER"]
[SourceDate "2010.08.15"]

1. c4 f5 2. g3 Nf6 3. d4 g6 4. Bg2 Bg7 5. Nf3 O-O 6. O-O d6 7. Nc3 Qe8 8. d5 a5
9. Nd4 Na6 10. e4 fxe4 11. Nxe4 Nxe4 12. Bxe4 Nc5 13. Bg2 Qf7 14. Be3 e5 15.
dxe6 Nxe6 16. Rc1 Kh8 17. Re1 Qf6 18. Nxe6 Bxe6 19. b3 Rab8 20. c5 Bg8 21. cxd6
cxd6 22. Qd2 d5 23. Qxa5 Rbe8 24. Red1 Rxe3 25. fxe3 Qf2+ 26. Kh1 Qxe3 27. Qb5
Rf2 28. Rc8 Rxg2 29. Rxg8+ Kxg8 30. Qxd5+ Kf8 31. Qd8+ 1-0

[Event "CCM10 - Standard Simultan"]
[Site "Mainz"]
[Date "2010.08.06"]
[Round "19"]
[White "Anand, Viswanathan"]
[Black "Haener, Oliver"]
[Result "1-0"]
[WhiteElo "2800"]
[BlackElo "1750"]
[PlyCount "89"]
[EventDate "2010.08.15"]
[EventCountry "GER"]
[SourceDate "2010.08.15"]

1. d4 f5 2. g3 Nf6 3. Bg2 e6 4. c4 c6 5. Nh3 d6 6. O-O Be7 7. Nc3 e5 8. e4 O-O
9. exf5 Bxf5 10. Ng5 exd4 11. Qxd4 Nbd7 12. Bf4 Nc5 13. Rad1 h6 14. Nf3 Nfe4
15. Nxe4 Bxe4 16. Rfe1 d5 17. Qe3 Ne6 18. cxd5 cxd5 19. Nd4 Nxf4 20. gxf4 Bc5
21. Bxe4 dxe4 22. Qxe4 Bxd4 23. Rxd4 Qf6 24. Qe6+ Qxe6 25. Rxe6 Rf7 26. Kg2
Raf8 27. Kg3 Kh7 28. h4 h5 29. Re5 g6 30. f3 Kg7 31. b4 a6 32. a4 Kg8 33. Re6
Rf6 34. Rdd6 Rxe6 35. Rxe6 Kg7 36. Re7+ Rf7 37. Rxf7+ Kxf7 38. f5 gxf5 39. Kf4
a5 40. bxa5 Kf6 41. a6 bxa6 42. a5 Ke6 43. Kg5 Ke5 44. Kxh5 Kf6 45. f4 1-0

[Event "CCM10 - Standard Simultan"]
[Site "Mainz"]
[Date "2010.08.06"]
[Round "20"]
[White "Anand, Viswanathan"]
[Black "Chaltchi, Hussain"]
[Result "1-0"]
[WhiteElo "2800"]
[BlackElo "1770"]
[PlyCount "103"]
[EventDate "2010.08.15"]
[EventCountry "GER"]
[SourceDate "2010.08.15"]

1. e4 d6 2. d4 Nf6 3. f3 e5 4. d5 h5 5. c4 Be7 6. Nc3 c6 7. Be3 a6 8. Bd3 Qc7
9. Nge2 Nbd7 10. O-O O-O 11. b4 b6 12. dxc6 Qxc6 13. Qd2 Qc7 14. Rac1 Qd8 15.
Nd5 Nxd5 16. cxd5 Bb7 17. a4 Rc8 18. a5 bxa5 19. bxa5 Rxc1 20. Rxc1 Qb8 21. Rb1
Qa8 22. Nc3 Rb8 23. Na4 Bc8 24. Nb6 Nxb6 25. axb6 Bb7 26. Qa5 Kf8 27. Kf2 Ke8
28. Ke2 Kd8 29. g3 f6 30. f4 g6 31. fxe5 dxe5 32. h3 Bd6 33. Bc5 Ke7 34. Bxd6+
Kxd6 35. Qa3+ Kd7 36. Bc2 Ke8 37. Ba4+ Kf7 38. Qd6 Kg7 39. Qe7+ Kh6 40. Qxf6
Rf8 41. Qxe5 Qc8 42. Qd4 Qxh3 43. Qe3+ Kh7 44. Kd3 h4 45. Rc1 Kg8 46. Qg5 Qxg3+
47. Qxg3 hxg3 48. Rg1 Rf3+ 49. Kd4 Kf7 50. Bc6 Bxc6 51. dxc6 Rf6 52. b7 1-0

[Event "CCM10 - Standard Simultan"]
[Site "Mainz"]
[Date "2010.08.06"]
[Round "21"]
[White "Anand, Viswanathan"]
[Black "Gopakumar, Siddharth"]
[Result "1-0"]
[WhiteElo "2800"]
[BlackElo "1800"]
[PlyCount "97"]
[EventDate "2010.08.15"]
[EventCountry "GER"]
[SourceDate "2010.08.15"]

1. d4 d5 2. c4 c6 3. Nc3 Nf6 4. Nf3 dxc4 5. a4 Bf5 6. Ne5 Nbd7 7. Nxc4 Qc7 8.
g3 e5 9. dxe5 Nxe5 10. Bf4 Nfd7 11. Bg2 g5 12. Ne3 gxf4 13. Nxf5 O-O-O 14. Qc2
Nc5 15. O-O fxg3 16. hxg3 a5 17. Rad1 h5 18. Ne4 Nxe4 19. Qxe4 Bc5 20. Rxd8+
Rxd8 21. e3 Rd2 22. b3 Ng6 23. Bf3 Qe5 24. Qxe5 Nxe5 25. Bxh5 Rb2 26. f4 Ng6
27. Rc1 Bb4 28. Bd1 Bd2 29. Rc2 Rxc2 30. Bxc2 Kd7 31. Kf2 Ne7 32. Nh6 f6 33.
Ke2 Bc3 34. e4 b5 35. Ng4 Nc8 36. Ke3 b4 37. Ke2 Ke6 38. Bd3 Nd6 39. Ne3 Bd4
40. g4 Bc3 41. Kf3 Bd4 42. Nc4 Nxc4 43. Bxc4+ Kd6 44. e5+ fxe5 45. Ke4 Bc3 46.
f5 Ke7 47. g5 Bd2 48. f6+ Kf8 49. g6 1-0

[Event "CCM10 - Standard Simultan"]
[Site "Mainz"]
[Date "2010.08.06"]
[Round "22"]
[White "Anand, Viswanathan"]
[Black "Karlzen, Henrik"]
[Result "0-1"]
[WhiteElo "2800"]
[BlackElo "1800"]
[Annotator "Mike Rosa"]
[PlyCount "66"]
[EventDate "2010.08.15"]
[EventCountry "GER"]
[SourceDate "2010.08.15"]

1. d4 Nf6 2. c4 c5 3. d5 e6 4. Nc3 exd5 5. cxd5 d6 6. e4 g6 7. Nge2 Bg7 8. Ng3
O-O 9. Be2 Na6 10. Bxa6 $2 {Dies ist bereits ein ernster Fehler des
Weltmeisters. Die halboffene b-Linie entschädigt Schwarz für die zerstörte
Bauernstruktur.} ({Üblich ist beispielsweise} 10. O-O Nc7 11. a4 a6 {.}) 10...
bxa6 11. O-O Rb8 12. Re1 Ng4 $1 13. h3 Ne5 14. f4 $2 {So viel Aktivität
verträgt die weiße Stellung schon nicht mehr.} Qh4 $1 15. Nce2 Nf3+ $1 {Dieser
schöne Trick muss Anand entgangen sein. Jetzt wird es sehr ungemütlich für den
weißen König.} 16. gxf3 Bd4+ 17. Nxd4 Qxg3+ 18. Kf1 cxd4 ({Noch einfacher
geschah} 18... Bxh3+ 19. Ke2 Bg2 $19 {mit einer wunderbaren Stellung.}) 19. Ke2
{Mittlerweile führen viele Wege nach Rom und Schwarz findet nicht immer den
kürzesten, aber er handelt in der Folge sehr logisch, indem er versucht,
möglichst rasch seine verbliebenen Kräfte zu mobilisieren.} a5 ({Erst} 19...
Qg2+ 20. Kd3 {und dann} a5 {hätte Anand vermutlich zur sofortigen Aufgabe
bewegt.}) 20. Qxd4 Ba6+ 21. Kd2 Qxf4+ (21... Qg2+ {gewinnt erneut schneller.})
22. Qe3 Qh2+ 23. Kd1 Rfc8 {Er gönnt dem Champion aber auch keine Pause!} 24.
Bd2 Rxb2 25. Rc1 Rxc1+ 26. Kxc1 Rxa2 27. Qd4 $2 (27. Qc3 $1 {mit der gleichen
tückischen Idee Bh6 oder auch e4-e5 hätte Weiß noch versuchen sollen.
Vielleicht wäre dem Amateur doch noch der Stift gegangen. Der Unterschied zum
Partiezug wird sogleich deutlich.}) 27... Bd3 $1 $19 {Ein sehr schöner Zug,
der deshalb so wirkungsvoll ist, weil Weiß kein Schach auf c8 hat! Nun ist
Weiß endgültig verloren.} 28. Qe3 (28. Qxd3 Ra1+ 29. Kc2 Rxe1 $19) 28... a4 ({
Hübsch ist auch} 28... Rc2+ 29. Kd1 Rc3 $1 $19 {.}) 29. e5 a3 30. Qxd3 Ra1+ 31.
Kc2 Rxe1 32. exd6 a2 33. d7 Qb8 {Weiß gab auf.} 0-1

[Event "CCM10 - Standard Simultan"]
[Site "Mainz"]
[Date "2010.08.06"]
[Round "23"]
[White "Anand, Viswanathan"]
[Black "Wyss, Peter"]
[Result "1-0"]
[WhiteElo "2800"]
[BlackElo "2014"]
[PlyCount "71"]
[EventDate "2010.08.15"]
[EventCountry "GER"]
[SourceDate "2010.08.15"]

1. e4 e5 2. Nf3 Nc6 3. Bb5 a6 4. Ba4 Nf6 5. O-O Be7 6. Re1 b5 7. Bb3 O-O 8. c3
d5 9. exd5 Nxd5 10. Nxe5 Nxe5 11. Rxe5 c6 12. Re1 Bd6 13. d3 Qh4 14. g3 Qh3 15.
Re4 Bd7 16. Nd2 Rae8 17. Qf1 Qf5 18. Rxe8 Rxe8 19. Ne4 Bc7 20. Bd2 Qh5 21. Bd1
Qg6 22. Bf3 Bg4 23. Bxg4 Qxg4 24. Re1 h5 25. Ng5 Rxe1 26. Qxe1 Kf8 27. h3 Qa4
28. b3 Qxa2 29. c4 Ne7 30. Bb4 Bd8 31. Qd1 Ke8 32. Qxh5 Ng6 33. Ne4 Be7 34.
Bxe7 Nxe7 35. Qh8+ Kd7 36. Qxg7 1-0

[Event "CCM10 - Standard Simultan"]
[Site "Mainz"]
[Date "2010.08.06"]
[Round "24"]
[White "Anand, Viswanathan"]
[Black "Piechot, Steffen"]
[Result "1-0"]
[WhiteElo "2800"]
[BlackElo "1973"]
[PlyCount "65"]
[EventDate "2010.08.15"]
[EventCountry "GER"]
[SourceDate "2010.08.15"]

1. d4 c5 2. d5 e5 3. e4 d6 4. Nf3 Be7 5. Nc3 Bg4 6. h3 Bxf3 7. Qxf3 a6 8. a4
Bg5 9. Bxg5 Qxg5 10. a5 Nh6 11. h4 Qg4 12. Qxg4 Nxg4 13. Na4 Nd7 14. Rh3 Ngf6
15. Rb3 Rb8 16. f3 h6 17. Kf2 g5 18. Be2 Kd8 19. Rba3 g4 20. Nc3 Rg8 21. Nd1
g3+ 22. Ke1 Nh5 23. Ne3 Nf4 24. Bf1 Kc7 25. Rb1 h5 26. b4 cxb4 27. Rxb4 Nc5 28.
Rb6 Rbd8 29. Rc3 Ng6 30. Nf5 Nf8 31. Nxd6 Nfd7 32. Nxb7 Nxb6 33. Nxc5 1-0

[Event "CCM10 - Standard Simultan"]
[Site "Mainz"]
[Date "2010.08.06"]
[Round "25"]
[White "Anand, Viswanathan"]
[Black "Voss, Norbert"]
[Result "1-0"]
[WhiteElo "2800"]
[BlackElo "1842"]
[PlyCount "85"]
[EventDate "2010.08.15"]
[EventCountry "GER"]
[SourceDate "2010.08.15"]

1. e4 Nc6 2. Nf3 d6 3. d4 Nf6 4. Nc3 Bg4 5. d5 Ne5 6. Nxe5 Bxd1 7. Bb5+ c6 8.
dxc6 dxe5 9. c7+ Qd7 10. Bxd7+ Kxd7 11. Kxd1 e6 12. f3 Kxc7 13. Ke2 Kc6 14. Be3
Bc5 15. Rhd1 Bxe3 16. Kxe3 Rhd8 17. Rxd8 Rxd8 18. Rd1 Rg8 19. Nb1 g5 20. Na3 g4
21. Nc4 gxf3 22. Nxe5+ Kc7 23. gxf3 Rg2 24. Rd2 Rg7 25. a4 Kc8 26. b4 Ne8 27.
Rd7 f6 28. Rxg7 Nxg7 29. Ng4 Ne8 30. f4 Kd7 31. Kd4 f5 32. exf5 exf5 33. Ne3
Ke6 34. c4 Nd6 35. c5 Ne4 36. b5 Nd2 37. Kd3 Ne4 38. Kc4 Nd2+ 39. Kb4 Nf3 40.
a5 Ne1 41. c6 bxc6 42. b6 Nd3+ 43. Kc3 1-0

[Event "CCM10 - Standard Simultan"]
[Site "Mainz"]
[Date "2010.08.06"]
[Round "26"]
[White "Anand, Viswanathan"]
[Black "Kuhn, Luis"]
[Result "1/2-1/2"]
[WhiteElo "2800"]
[BlackElo "1845"]
[PlyCount "44"]
[EventDate "2010.08.15"]
[EventCountry "GER"]
[SourceDate "2010.08.15"]

1. d4 Nf6 2. c4 c5 3. d5 b5 4. cxb5 a6 5. bxa6 g6 6. Nc3 Bxa6 7. Nf3 Bg7 8. g3
O-O 9. Bg2 d6 10. O-O Nbd7 11. Rb1 Qa5 12. Qc2 Rfb8 13. Rd1 Ng4 14. Bd2 Nge5
15. b3 Nxf3+ 16. exf3 Ne5 17. Na4 Bd3 18. Qxd3 Nxd3 19. Bxa5 Rxa5 20. Rxd3 Rxa4
21. Rd2 c4 22. Bf1 Rab4 1/2-1/2

[Event "CCM10 - Standard Simultan"]
[Site "Mainz"]
[Date "2010.08.06"]
[Round "27"]
[White "Anand, Viswanathan"]
[Black "Hilbenz, Guntram"]
[Result "1/2-1/2"]
[WhiteElo "2800"]
[BlackElo "1912"]
[PlyCount "61"]
[EventDate "2010.08.15"]
[EventCountry "GER"]
[SourceDate "2010.08.15"]

1. e4 d6 2. d4 Nf6 3. Nc3 e5 4. Nf3 exd4 5. Nxd4 Be7 6. g3 O-O 7. Bg2 Nc6 8.
O-O Nxd4 9. Qxd4 c6 10. Bf4 Qb6 11. Qd3 Rd8 12. b3 Be6 13. h3 d5 14. exd5 Nxd5
15. Nxd5 Bxd5 16. Bxd5 Rxd5 17. Qf3 Rad8 18. Rad1 Rxd1 19. Rxd1 Rxd1+ 20. Qxd1
Qd8 21. Qxd8+ Bxd8 22. Kf1 f5 23. Ke2 Kf7 24. c4 Ke6 25. f3 b5 26. Kd2 a6 27.
g4 g6 28. a4 h5 29. gxh5 gxh5 30. Bg3 Bf6 31. Bf4 1/2-1/2